Drapeaux en formes de Pays #5 - Statistiques

Statistiques générales
  • Ce quiz a été pris 29 324 fois
  • Le résultat moyen est 13 sur 16
Statistiques - réponses
Par images Réponse % Correct
Allemagne
99%
Turquie
99%
Algérie
97%
Belgique
97%
Qatar
90%
Serbie
87%
Venezuela
85%
Somalie
80%
Angola
78%
Costa Rica
74%
Monaco
74%
Philippines
73%
Haïti
67%
Zambie
58%
Belize
50%
Oman
47%
Aucun quiz correspondant
Distribution des résultats
% des personnes avec chaque résultat
Percentile par nombre de réponses
Votre historique - résultats
Vous n’avez pas pris ce quiz